Most QB interceptions in a season for every team - Statistics

General Stats
  • This quiz has been taken 26 times
  • The average score is 17 of 39
Answer Stats
Team INT Answer % Correct
GBP 29 Brett Favre
95%
NYG 27 Eli Manning
90%
IND 28 Peyton Manning
90%
NOS 22 Drew Brees
81%
BAL 22 Joe Flacco
81%
NEP 27 Drew Bledsoe
76%
CIN 22 Ken Anderson
76%
TBB 35 Vinny Testaverde
76%
MIA 23 Dan Marino
71%
CIN 22 Boomer Esiason
67%
MIN 32 Fran Tarkenton
67%
JAX 20 Mark Brunell
67%
LVR 30 Ken Stabler
57%
DAL 25 Danny White
52%
KCC 24 Trent Green
52%
NOS 22 Aaron Brooks
48%
CAR 21 Kerry Collins
48%
DET 23 Bobby Layne
43%
HOU 16 Brock Osweiler
43%
SEA 27 Jim Zorn
43%
CIN 22 Jon Kitna
43%
CLE 26 Brian Sipe
38%
ARI 30 Jim Hart
38%
TEN 42 George Blanda
33%
LAC 32 Joe Hadl
33%
GBP 29 Lynn Dickey
29%
CHI 31 Sid Luckman
29%
NEP 27 Babe Parilli
19%
PHI 26 Sonny Jurgensen
19%
SFF 28 Y.A. Tittle
19%
BUF 26 Jack Kemp
14%
WAS 27 Norm Snead
14%
NYJ 30 Richard Todd
14%
LAR 24 Bob Waterfield
10%
DAL 25 Eddie LeBaron
5%
DEN 34 Frank Tripucka
5%
NYJ 30 Al Dorow
0%
DET 23 Jeff Komlo
0%
PIT 26 Jim Finks
0%
No matching quizzes found
Score Distribution
Percent of People with Each Score
Percentile by Number Answered
Your Score History
You have not taken this quiz